Statistics for American, Canadian and Mexican States/Provinces on the Border with Empty Map

Click here to take the quiz!

General Stats

  • This quiz has been taken 994 times
    (972 since last reset)
  • The average score is 30 of 38

Answers on the Map

Answers color-coded by a green-red scale on the quiz's map according to % correct below.
 

Answer Stats

Countries% Correct
Texas
96%
California
95%
Washington
95%
Arizona
93%
New Mexico
93%
New York
93%
Idaho
92%
Maine
91%
Montana
91%
North Dakota
91%
Michigan
90%
Minnesota
90%
Ohio
90%
Ontario
90%
Vermont
90%
Illinois
89%
Quebec
89%
Alberta
88%
British Columbia
88%
Pennsylvania
88%
Indiana
87%
New Hampshire
87%
Wisconsin
87%
Manitoba
81%
Alaska
80%
Saskatchewan
79%
Yukon
79%
Baja California
78%
Chihuahua
71%
New Brunswick
69%
Sonora
59%
Nuevo Leon
48%
Chiapas
42%
Coahuila
41%
Tamaulipas
41%
Quintana Roo
40%
Tabasco
38%
Campeche
35%

Score Distribution

Percentile by Number Answered

Percent of People with Each Score

Your Score History

You have not taken this quiz since the last reset